| 000 | 00877nam0a2200265 4500 | ||
|---|---|---|---|
| 001 | v19\rc\2086337 | ||
| 005 | 20260406022813.0 | ||
| 035 | _a(NLR Aleph) 005156506 | ||
| 090 |
_a4949291 _c4949291 |
||
| 100 | _a20081218d1913 |||y0rusy50 ca | ||
| 101 | 1 |
_arus _cger |
|
| 102 | _aRU | ||
| 105 | _ay z ||||| | ||
| 200 | 1 |
_aПриключения мясника _eсказка |
|
| 210 |
_aОдесса _d[1913] |
||
| 225 | 1 |
_aДетская библиотека _fТипография А. М. Швейцера _v№ 16 |
|
| 316 |
_aЭкз. РНБ утрачен _5NLR |
||
| 700 | 1 |
_8rus _7ca _aБехштейн _bЛ. _f1801-1860 _gЛюдвиг _3RU\NLR\AUTH\77124337 _9107262 |
|
| 801 | 0 |
_aRU _bNLR _gpsbo |
|
| 801 | 1 |
_aRU _bProSoft-M _2rusmarc |
|
| 801 | 2 |
_aRU _bNLR _c20130731 _2rusmarc |
|
| 852 |
_aNLR _j37.38.11.10(16) |
||
| 942 | _cBOOK | ||
| 980 | _aNB | ||